000 00668nam a2200241Ia 4500
003 OSt
005 20220925212428.0
006 a|||||r|||| 00| 0
007 ta
008 220923b |||||||| |||| 00| 0 eng d
037 _cGeneral Book
040 _aRTL
_cRTL
_beng
041 _2eng
_aeng
082 _aX6291:1.1.N8, M5
100 _aSnowden P N
_9276782
245 0 _aEmerging risk in international banking
_b Origins o
260 _aLondon
_bAllen & Unwin
_c1985
300 _a146p
_ccm.
500 _aBib p 138-42
650 _aSavings Bank
942 _hX6291:1.1.N8, M5
_cGB
_2CC
999 _c560310
_d560310